000 01084nam0a22002771 4500
001 rc\2775280
005 20250806204722.0
035 _a(NLR Aleph) 006901579
090 _a22520
_c22520
100 _a20110915d1941 u y0rusy50 ca
101 0 _arus
102 _aRU
105 _ay z |||||
200 1 _aГерои моряки
_e[Сборник статей]
_fОтв. по выпуску Н. Ф. Богачевский
210 _aСталинград
_cОбл. кн-во
_d1941
215 _a26, [2] с.
_d21 см.
225 1 _aГерои Великой отечественной войны
300 _aСтатьи, вошедшие в настоящий сборник, опубликованы в газетах: "Правда", "Известия" и "Комсомольская правда"
702 1 _aБогачевский
_bН.Ф.
_4570
801 0 _aRU
_bNLR
_gpsbo
801 1 _aRU
_bELAR
_2rusmarc
852 _aNLR
_jИс50 Г-4/27
942 _cBOOK
945 _aРоссийская национальная библиотека
980 _aNB
980 _aBV